Architecture A-Z #1 - Statistics

General Stats
  • This quiz has been taken 2,688 times
  • The average score is 17 of 26
Answer Stats
Clue Answer % Correct
C Ancient gladitorial arena in Rome Colosseum
97%
I Snow house of the Inuit and Eskimo peoples Igloo
93%
G Style of architecture exemplified by Cathédrale Notre Dame Gothic
92%
E World's tallest building between 1931–70 Empire State Building
88%
B World's tallest building Burj Khalifa
87%
L I. M. Pei designed the famous pyramid of this museum Louvre
84%
M Sculptor who designed the dome of St. Peter's Basilica Michelangelo
84%
P Temple in Athens that is dedicated to goddess Athena Parthenon
83%
F Compound where the emperor of China once lived {Forbidden} City
82%
O Mimar Sinan was considered the chief architect of this historical empire Ottoman Empire
73%
Y City in Northern England famous for its walls York
72%
V Term for an Italian country home Villa
70%
J Person who once lived in Neverland Ranch Michael Jackson
68%
S Barcelona basilica whose construction began in 1882 and still is unfinished Sagrada Família
65%
T The finest structure from the Mughal architecture Taj Mahal
64%
R Building where the German Parliament meets Reichstag
62%
A 1930s architectural style Miami's South Beach is famous for Art Deco
56%
K Small cube-shaped building that is Islam's holiest location Kaaba
55%
D Islamic shrine located on Jerusalem's Temple Mount Dome of the Rock
50%
H World's largest cathedral for over 900 years Hagia Sophia
50%
X Kublai Khan's capital or Citizen Kane's estate Xanadu
46%
Z Mesopotamian pyramid with steps Ziggurat
45%
U Largest mosque in Syria, namesake for an Islamic caliphate Umayyad Mosque
41%
W Guggenheim architect from Wisconsin Frank Lloyd Wright
35%
N Modernist architect who designed many landmarks in Brasilia, and recently died at age 104 Oscar Niemeyer
23%
Q Queensland skyscraper that was world's tallest residential building, 2005–11 Q1
10%
No matching quizzes found
Score Distribution
Percent of People with Each Score
Percentile by Number Answered
Your Score History
You have not taken this quiz